| 000 | 00599nam a22001817a 4500 | ||
|---|---|---|---|
| 999 |
_c190656 _d190656 |
||
| 005 | 20220802111018.0 | ||
| 010 | _aENG-134148 | ||
| 020 |
_a9788178243580 _c350.00 |
||
| 035 | _aEN-117680 | ||
| 037 | _bDBAB/PUB | ||
| 082 | _a305.5688 | ||
| 100 | _aNagaraj, D.R. | ||
| 245 |
_aThe Flaming Feet and Other Essays: _bThe Dalit Movement In India/ _cD.R. Nagaraj |
||
| 260 |
_aRanikhet _bPermanent Black _c2010 |
||
| 270 |
_aHimalayana Mall Road, Ranikhet Cantt _bRanikhet _e263645 _mperblack@gmail.com |
||
| 300 |
_axxviii, 254p. _bIndex _c21cm(pbk) |
||
| 942 |
_2ddc _cEN _h305.5688 _mNAG |
||